000 00355 a2200109 4500
001 ART_2913
005 20260410161711.0
008 260409a
245 1 0 _aCaracterísticas estructurales del crecimiento industrial argentino
100 1 _aKatz, Jorge M.
773 0 _tDesarrollo económico
_g- Vol. 7, Nº 26 (jul./sep. 1967)
_wREV1174
999 _c16060
_d16060